Library Banner

The road to peace and Pakistan (Record no. 66032)

MARC details
000 -LEADER
fixed length control field 00399nam a22001457a 4500
005 - DATE AND TIME OF LATEST TRANSACTION
control field 20150210100738.0
008 - FIXED-LENGTH DATA ELEMENTS--GENERAL INFORMATION
fixed length control field 150210b xxu||||| |||| 00| 0 eng d
040 ## - CATALOGING SOURCE
Transcribing agency PK-LaUMT
082 ## - DEWEY DECIMAL CLASSIFICATION NUMBER
Classification number KHC 954.0359
Item number ZIA-R
100 ## - MAIN ENTRY--PERSONAL NAME
Personal name Ziauddin Ahmad Suleri
245 ## - TITLE STATEMENT
Title The road to peace and Pakistan
Statement of responsibility, etc Ziauddin ahmad Suleri
260 ## - PUBLICATION, DISTRIBUTION, ETC. (IMPRINT)
Place of publication, distribution, etc Lahore
Name of publisher, distributor, etc Sh. Muhammad Ashraf
Date of publication, distribution, etc 1944
300 ## - PHYSICAL DESCRIPTION
Extent 127 p.
942 ## - ADDED ENTRY ELEMENTS (KOHA)
Koha item type Books
Holdings
Withdrawn status Lost status Damaged status Home library Current library Date acquired Full call number Barcode Date last seen Price effective from Koha item type
      UMT Main Campus UMT Main Campus 2015-02-10 KHC 954.0359 ZIA-R 70345 2015-02-10 2015-02-10 Books